000 00381nam a2200097Ia 4500
008 180130s9999 xx 000 0 und d
245 _cZjavka, Ladislav
_aConstruction and adjustment of differential polynomial neural network
260 _c2016
300 _aBook title: Innovations in computer science and engineering--Acession number C20551; pages 15-25
650 _aCOMPUTER SCIENCE
999 _c353738
_d353738